000 00510nam a2200181Ia 4500
005 20250326123756.0
008 250326s9999 xx 000 0 und d
037 _aTextbook
040 _aFMSL
_beng
_cFMSL
041 _aeng
_2eng
084 _aS K2;1
_qFMSL
100 _aJames W
_9117232
245 0 _aTalks to teachers on psychology and to students on some of life,s ideals
_cJames W
260 _aNY
_bNY, Dover
_c1962
300 _a146p
942 _cTB
_hS K2;1
999 _c1270911
_d1270911